Flaggen der Welt zur Hauptstadt - Statistiken

Allgemein
  • Dieses Quiz wurde 339 mal gespielt
  • Das Durchschnittsergebnis liegt bei 67 aus 196
Antwortstatistiken
Bildquiz Antwort % Korrekt
Berlin
99%
Brüssel
97%
London
95%
Washington D. C.
95%
Amsterdam
91%
Paris
91%
Rom
91%
Moskau
90%
Dublin
89%
Athen
84%
Stockholm
83%
Tokio
83%
Brasilia
82%
Kopenhagen
82%
Oslo
82%
Ottawa
82%
Helsinki
81%
Budapest
79%
Peking
77%
Seoul
77%
Reykjavik
76%
Sofia
76%
Bern
63%
Vatikanstadt
59%
Tiflis
58%
Canberra
57%
Jerusalem
57%
Madrid
57%
Wien
57%
Ankara
56%
Hanoi
56%
Warschau
56%
Dhaka
54%
Mexikostadt
54%
Tirana
54%
Kairo
50%
Monaco
50%
Prag
50%
Nikosia
49%
San Marino
49%
Antananarivo
48%
Buenos Aires
48%
Luxemburg
47%
Kapstadt, Pretoria, Bloemfontein
46%
Pristina
46%
Wellington
46%
Zagreb
46%
Lissabon
43%
Santo Domingo
43%
Singapur
43%
Valleta
43%
Yamoussoukro
43%
Kiew
42%
Lima
42%
Tunis
42%
Beirut
41%
Algier
40%
Kingston
40%
Montevideo
40%
Panamastadt
40%
Riad
40%
Skopje
40%
Tallinn
40%
Vaduz
40%
Jakarta
39%
Bangkok
38%
Belgrad
38%
Bratislava
38%
Sarajevo
38%
Bagdad
37%
Baku
37%
Bukarest
37%
Damaskus
37%
Minsk
37%
Teheran
37%
Havanna
36%
Manila
36%
Islamabad
35%
Ljubljana
35%
Riga
35%
Santiago de Chile
35%
Abu Dhabi
34%
Neu Dehli
34%
Kathmandu
33%
Kuala Lumpur
33%
Caracas
32%
Kuwait Stadt
32%
Male
32%
Nairobi
32%
Andorra la Vella
31%
Ngerulmud
31%
Taipeh
31%
Vilnius
31%
Bogota
29%
Rabat
29%
Kabul
28%
Nassau
28%
Niamey
28%
Nuku‘alofa
28%
Amman
27%
Chisinau
27%
Kinshasa
27%
Maskat
27%
Asgabat
26%
Astana
26%
Doha
26%
Quito
26%
Sanaa
26%
Taschkent
26%
Tripolis
26%
Dschibuti
25%
San Jose
25%
Phnom Penh
24%
San Salvador
24%
Bridgetown
23%
Duschanbe
23%
Luanda
23%
Port au Prince
23%
Ulaanbaatar
23%
Victoria
23%
Yaounde
23%
Addis Abeba
22%
Asuncion
22%
Dili
22%
Jerewan
22%
Asmara
21%
Belmopan
21%
Brazzaville
21%
Managua
21%
Manahma
21%
Maputo
21%
Port of Spain
21%
São Tomé
21%
Dodoma
20%
Georgetown
20%
Harare
20%
Tegucigalpa
20%
Abuja
19%
Bandar Seri Begawan
19%
Bischkek
19%
Dakar
19%
Freetown
19%
Guatemalastadt
19%
Kigali
19%
Mbabane
19%
Moroni
19%
Saint Johns
19%
Accra
18%
Bissau
18%
Khartum
18%
Mogadischu
18%
Monrovia
17%
Praia
17%
Sucre
17%
Majuro
16%
Gaborone
15%
Kampala
15%
Lome
15%
N‘Djamena
15%
Port Louis
15%
Port Vila
15%
Roseau
15%
Timphu
15%
Apia
14%
Gitega
14%
Bamako
13%
Bangui
13%
Banjul
13%
Conakry
13%
Malabo
13%
Palikir
13%
Porto Novo
13%
Suva
13%
Yaren
13%
Castries
12%
Colombo
12%
Lusaka
12%
Maseru
12%
Honiara
10%
Windhuk
10%
Tarawa
9%
Funafuti
8%
Bassetere
4%
Nuakschott
4%
Ougadougou
4%
Port Moresbi
4%
Gabun
3%
Sankt Georges
2%
St. Vincent
2%
Südsudan
2%
Vientane
2%
Liongwe
1%
Pjögjang
1%
Podgoricia
1%
Naypyadaw
0%
Paramribo
0%
Keine übereinstimmenden Quizze gefunden
Verteilung der Resultate
Anzahl Personen mit jedem Resultat
Perzentil nach korrekt beantworteten Fragen
Ihre Resultats-Entwicklung
Sie haben dieses Quiz noch nicht gespielt